00421nam a2200109Ia 4500008004100000100002800041245007900069260006900148300001100217650001500228856006800243160712s9999 xx 000 0 und d aGroyon, Vicente Garcia. cVicente Garcia GroyonaTraversing Fiction and Nonfiction in Travel Writing c2012bLikhaan: The Journal of Contemporary Philippine Literature avol. 6 xNONFICTION uhttp://journals.upd.edu.ph/index.php/lik/issue/view/536/showToc